000 00620nam a22001815i 4500
001 68618
003 ES-MaACL
005 20250805064134.0
007 t|
008 960813s1878 fr ||||1| fre d
040 _aCAM
_bspa
_cCAM
100 1 _aGautier, Théophile,
_d1811-1872
_9170960
245 1 4 _aLes jeunes-France
_b: romans goguenards, suivis de contes humoristiques /
_cThéophile Gautier.
260 _aParis :
_bG. Charpentier,
_c1878 (
_eCorbeil :
_ftyp. et stér. de Crété)
300 _a[4], XVIII, [2] en bl., 369, [2] p. ;
_c19 cm.
852 _aES-MaACL
_jG-14473
999 _c68618
_d68618